000 01058nam a22003497a 4500
001 BR8001934
003 BR-BrBNA
005 20230928090553.0
007 ta
008 230509b bl.||||| |||| 00| 0 por d
040 _aBR-BrBNA
_bpor
_cBiblioteca Nacional de Agricultura
041 _a(Por)
072 _aE15
_b/G514
090 _ E15 BR8001934
100 1 _aTorres, M.A.L.B.
100 1 _aLopes, D.S.
100 1 _aSantos, O.M.
100 1 _aGuimaraes, A.C.R.
100 1 _aTorres, P.A.B.
100 1 _aCoutinho, M.B.F.
110 1 _aSecretaria da Agricultura do Maranhao, Sao Luis (Brasil). Unidade Setorial de Apoio ao Planejamento
_98266
245 1 _aManual de informacao estatistica [Estatistica de producao; Estatistica agricola; Maranhao; Brasil]
260 3 _aSao Luis, MA (Brasil):
_c1980.
300 _a87 p.
500 _aNumerical data
650 _aMicroeconomia
650 _aEstatistica agricola
650 _aEstatistica de producao
650 _aMaranhao
909 _a202309
_bLucia
_c55
_dLucia Elande
942 _cBK
999 _c29414
_d29414